| 000 -LEADER |
| fixed length control field |
01868cam a2200457 a 4500 |
| 001 - CONTROL NUMBER |
| control field |
16136920 |
| 003 - CONTROL NUMBER IDENTIFIER |
| control field |
NUST - PNEC |
| 005 - DATE AND TIME OF LATEST TRANSACTION |
| control field |
20170116180808.0 |
| 008 - FIXED-LENGTH DATA ELEMENTS--GENERAL INFORMATION |
| fixed length control field |
100316s2010 pk b 000 0 urd |
| 010 ## - LIBRARY OF CONGRESS CONTROL NUMBER |
| LC control number |
2010340603 |
| 020 ## - INTERNATIONAL STANDARD BOOK NUMBER |
| International Standard Book Number |
9789693208467 |
| 025 ## - OVERSEAS ACQUISITION NUMBER |
| Overseas acquisition number |
P-U-2010340603; 06 |
| 040 ## - CATALOGING SOURCE |
| Original cataloging agency |
DLC |
| Transcribing agency |
DLC |
| Modifying agency |
DLC |
| 041 0# - LANGUAGE CODE |
| Language code of text/sound track or separate title |
urd |
| -- |
ara |
| 042 ## - AUTHENTICATION CODE |
| Authentication code |
lcode |
| -- |
pcc |
| 050 00 - LIBRARY OF CONGRESS CALL NUMBER |
| Classification number |
BP190.5.T47 |
| Item number |
T335 2010 |
| 066 ## - CHARACTER SETS PRESENT |
| Alternate G0 or G1 character set |
(3 |
| -- |
(4 |
| 082 ## - DEWEY DECIMAL CLASSIFICATION NUMBER |
| Classification number |
297.3 TAH |
| 100 1# - MAIN ENTRY--PERSONAL NAME |
| Linkage |
880-01 |
| Personal name |
Tahirul Qadri |
| 9 (RLIN) |
3192 |
| 245 10 - TITLE STATEMENT |
| Linkage |
880-02 |
| Title |
Dahshat gardI aur fitnah-e-khuraj |
| Remainder of title |
Sheikhul Islam Dr. Mohammad Tahirul Qadri |
| 250 ## - EDITION STATEMENT |
| Linkage |
880-03 |
| Edition statement |
Ishāʻat 1. |
| 260 ## - PUBLICATION, DISTRIBUTION, ETC. |
| Linkage |
880-04 |
| Place of publication, distribution, etc. |
Lahore |
| Name of publisher, distributor, etc. |
Minhajul Qaran Publications, |
| Date of publication, distribution, etc. |
2010. |
| 300 ## - PHYSICAL DESCRIPTION |
| Extent |
605, [11] p. ; |
| Dimensions |
22 cm. |
| 504 ## - BIBLIOGRAPHY, ETC. NOTE |
| Bibliography, etc. note |
Includes bibliographical references (p. 587-605). |
| 520 ## - SUMMARY, ETC. |
| Summary, etc. |
Critical study of terrorism and suicide attacks an Islamic perspective; includes history of Kharijites. |
| 546 ## - LANGUAGE NOTE |
| Language note |
Urdu; some in Arabic. |
| 650 #0 - SUBJECT ADDED ENTRY--TOPICAL TERM |
| Topical term or geographic name entry element |
Terrorism |
| General subdivision |
Religious aspects |
| -- |
Islam. |
| 650 #0 - SUBJECT ADDED ENTRY--TOPICAL TERM |
| Topical term or geographic name entry element |
Islam |
| General subdivision |
General |
| 9 (RLIN) |
3194 |
| 650 #0 - SUBJECT ADDED ENTRY--TOPICAL TERM |
| Topical term or geographic name entry element |
Religious tolerance |
| General subdivision |
Islam. |
| 650 #0 - SUBJECT ADDED ENTRY--TOPICAL TERM |
| Topical term or geographic name entry element |
Religious pluralism |
| General subdivision |
Islam. |
| 650 #0 - SUBJECT ADDED ENTRY--TOPICAL TERM |
| Topical term or geographic name entry element |
Fatwas. |
| 710 2# - ADDED ENTRY--CORPORATE NAME |
| Linkage |
880-05 |
| Corporate name or jurisdiction name as entry element |
Idārah-yi Minhājulqurʼān. |
| 880 1# - ALTERNATE GRAPHIC REPRESENTATION |
| Linkage |
100-01/(3/r |
| Title |
طاهر القادرى، محمّد. |
| 880 10 - ALTERNATE GRAPHIC REPRESENTATION |
| Linkage |
245-02/(3/r |
| Title |
دهشتگردى اور فتنۀ خوارج : |
| b |
شيخ الاسلام ڈاکٹر محمّد طاهر القادرى کا مبسوط تاريخى فتوىٰ. |
| 880 ## - ALTERNATE GRAPHIC REPRESENTATION |
| Linkage |
250-03/(3/r |
| Title |
اشاعت 1. |
| 880 ## - ALTERNATE GRAPHIC REPRESENTATION |
| Linkage |
260-04/(3/r |
| Title |
لاهور : |
| b |
منهاج القرآن پبليکيشنز، |
| c |
2010. |
| 880 2# - ALTERNATE GRAPHIC REPRESENTATION |
| Linkage |
710-05/(3/r |
| Title |
ادارۀ منهاج القرآن. |
| 906 ## - LOCAL DATA ELEMENT F, LDF (RLIN) |
| a |
7 |
| b |
cbc |
| c |
origode |
| d |
3 |
| e |
ncip |
| f |
20 |
| g |
y-nonroman |
| 942 ## - ADDED ENTRY ELEMENTS (KOHA) |
| Source of classification or shelving scheme |
|
| Koha item type |
Book |